| 000 | 01096nam a2200301Ia 4500 | ||
|---|---|---|---|
| 003 | OSt | ||
| 005 | 20221007125131.0 | ||
| 006 | a|||||r|||| 00| 0 | ||
| 007 | ta | ||
| 008 | 221006b |||||||| |||| 00| 0 eng d | ||
| 020 |
_a3857391219 (hbd) _cDM 118.00 |
||
| 024 | _a4875 | ||
| 037 |
_bLibco, _cTextual |
||
| 040 |
_aCDL _cCDL _beng |
||
| 041 |
_2eng _aeng |
||
| 082 | _aE:88, N6 | ||
| 100 |
_aBekturov E A _9721599 |
||
| 245 | 0 |
_aCatalysis by polymers by E A Bekturov and S E Kudaibergenov _b Kudaibergenov S E |
|
| 260 |
_aHeidelberg _bHuthig Wepf Verlag Zug _c1996 |
||
| 300 |
_avi, 153p _ccm. |
||
| 500 | _aIncludes bibliographical references; Index 151-153; ^n23/CSL/Carc/97-98/6040^d1998-02-18^mPurchase; ; 97-98/371^b1998-03-04^c125^d1998-03-03^eLibco Book Distributors; ; 1998-03-17^bSB^c1998-07-14^r1998-09-04 | ||
| 650 |
_a Catalysis _9717744 |
||
| 650 |
_a Manipulation _9710013 |
||
| 650 | _aChemistry | ||
| 700 |
_a Kudaibergenov S E _9721600 |
||
| 942 |
_hE:88, N6 _cTEXL _2CC |
||
| 999 |
_c1214741 _d1214741 |
||